|
|
|
|
| LEADER |
00000nam0a2200000 4500 |
| 001 |
196544 |
| 005 |
20231031183136.0 |
| 035 |
|
|
|a (RuTPU)RU\TPU\book\214415
|
| 090 |
|
|
|a 196544
|
| 100 |
|
|
|a 20110525d1986 km y0rusy50 ca
|
| 101 |
0 |
|
|a rus
|
| 102 |
|
|
|a RU
|
| 105 |
|
|
|a a z 001zy
|
| 200 |
1 |
|
|a Экзоэмиссионный контроль поверхности деталей после обработки
|f В. С. Кортов, А. И. Слесарев, В. В. Рогов
|g Академия наук Украинской ССР (АН УССР), Институт сверхтвердых материалов (ИСМ)
|
| 210 |
|
|
|a Киев
|c Наукова думка
|d 1986
|
| 215 |
|
|
|a 176 с.
|c ил.
|
| 320 |
|
|
|a Библиогр.: с. 159-171.
|
| 610 |
1 |
|
|a металлообработка
|
| 610 |
1 |
|
|a детали
|
| 610 |
1 |
|
|a поверхности
|
| 610 |
1 |
|
|a экзоэмиссионный контроль
|
| 610 |
1 |
|
|a механическая обработка
|
| 610 |
1 |
|
|a неразрушающий контроль
|
| 610 |
1 |
|
|a применение
|
| 675 |
|
|
|a 621.7/.9.08
|v 3
|
| 700 |
|
1 |
|a Кортов
|b В. С.
|g Всеволод Семенович
|
| 701 |
|
1 |
|a Слесарев
|b А. И.
|g Анатолий Иванович
|
| 701 |
|
1 |
|a Рогов
|b В. В.
|g Валентин Васильевич
|
| 712 |
0 |
2 |
|a Академия наук Украинской ССР (АН УССР)
|b Институт сверхтвердых материалов (ИСМ)
|c (Киев)
|2 stltpush
|3 (RuTPU)RU\TPU\col\2641
|
| 801 |
|
1 |
|a RU
|b 63413507
|c 20110525
|
| 801 |
|
2 |
|a RU
|b 63413507
|c 20141217
|g RCR
|
| 942 |
|
|
|c BK
|